000 00644nam a2200217Ii 4500
001 5745
003 CO-ViMGA
008 241108s9999||||xx |||||||||||||| ||und||
020 _a9580205094
040 _aCO-ViMGA
_bspa
_erda
_cCO-ViMGA
041 0 _aunk
082 0 4 _a851.1 M539
100 1 _aJesús Luis Mendoza
_955321
245 1 0 _aAnálisis de la Eneida :
_bVirgilio (Italia)
264 1 _a[Lugar de publicación no identificado] : Voluntad, 1992
300 _avolumen
336 _atext
_btxt
_2rdacontent
337 _aunmediated
_bn
_2rdamedia
338 _avolume
_bnc
_2rdacarrier
940 _aidficha_siabuc: 5599. -- ficha_no_siabuc:5745
999 _c52806
_d52806